000 00271nam a2200109Ia 4500
001 588925
005 20250717120839.0
008 250717s9999 xx 000 0 und d
245 0 _aY-8 ÇÖL TİLKİS
_cYILMAZ YEŞİLDAĞ
260 _bERDEM YAYINLARI
_c2017
300 _b160
999 _c588925
_d588925